| 000 | 00847nam a2200145Ia 4500 | ||
|---|---|---|---|
| 008 | 151213s9999 xx 000 0 und d | ||
| 100 | _aঅর্থনৈতিক উপদেষ্টা অনুবিভাগ, অর্থবিভাগ | ||
| 245 |
_aবাংলাদেশ অর্থনৈতিক সমীক্ষা ২০১৮ _cঅর্থনৈতিক উপদেষ্টা অনুবিভাগ, অর্থবিভাগ |
||
| 260 |
_aDhaka _bঅর্থনৈতিক উপদেষ্টা অনুবিভাগ, অর্থবিভাগ, অর্থ মন্ত্রণালয় _c2010 |
||
| 300 | _a10432 p. | ||
| 650 | _aEconomics | ||
| 650 | _aEconomics | ||
| 700 | _aঅর্থনৈতিক উপদেষ্টা অনুবিভাগ, অর্থবিভাগ | ||
| 999 |
_c4853 _d4853 |
||